<?xml version="1.0" encoding="UTF-8"?>
<collection xmlns="http://www.loc.gov/MARC21/slim">
 <record>
  <leader>01137nam a22002055a 4500</leader>
  <controlfield tag="001">CEM.cems024548</controlfield>
  <controlfield tag="008">250407s2016####ag############000#0#und#d</controlfield>
  <controlfield tag="005">20250407174927.0</controlfield>
  <datafield tag="245" ind1="1" ind2="0">
   <subfield code="a">El plan Beee /</subfield>
   <subfield code="c">Jaquelina Romero ; ilustrado por Lucía Mancilla Prieto.</subfield>
  </datafield>
  <datafield tag="260" ind1=" " ind2=" ">
   <subfield code="a">Buenos Aires :</subfield>
   <subfield code="b">Del Naranjo,</subfield>
   <subfield code="c">2016.</subfield>
  </datafield>
  <datafield tag="300" ind1=" " ind2=" ">
   <subfield code="a">32 p.</subfield>
  </datafield>
  <datafield tag="490" ind1="1" ind2=" ">
   <subfield code="a">Luna de Azafrán</subfield>
  </datafield>
  <datafield tag="520" ind1=" " ind2=" ">
   <subfield code="a">Simona es una oveja rebelde con causa. De puro atrevida, tomará una decisión que habrá de cambiar su vida. Eso sí, con ayuda de un buen plan...Este cuento es una versión libre de una historia real. En Nueva Zelanda vivía una oveja a la que llamaban Shrek, que siempre se negaba a que la esquilaran. Como era una oveja muy rebelde, un día se escapó y se ocultó en una caverna. Allí vivió durante seis años hasta que la encontraron, en el año 2004, cubierta de un frondoso pelaje.</subfield>
  </datafield>
  <datafield tag="020" ind1=" " ind2=" ">
   <subfield code="a">9789873854224</subfield>
  </datafield>
  <datafield tag="100" ind1="1" ind2=" ">
   <subfield code="a">Romero, Jaquelina.</subfield>
  </datafield>
  <datafield tag="700" ind1="1" ind2=" ">
   <subfield code="a">Mancilla Prieto, Lucía; il.</subfield>
  </datafield>
  <datafield tag="653" ind1=" " ind2=" ">
   <subfield code="a">Literatura infantil</subfield>
  </datafield>
  <datafield tag="653" ind1=" " ind2=" ">
   <subfield code="a">Literatura argentina</subfield>
  </datafield>
  <datafield tag="653" ind1=" " ind2=" ">
   <subfield code="a">Cuento infantil</subfield>
  </datafield>
  <datafield tag="859" ind1=" " ind2=" ">
   <subfield code="a">CEMS</subfield>
   <subfield code="b">BIB. CEMS - Inicial y Primaria</subfield>
   <subfield code="h">A863.4</subfield>
   <subfield code="i">R664</subfield>
   <subfield code="k">IP</subfield>
   <subfield code="p">6178</subfield>
   <subfield code="t">Ej.1</subfield>
  </datafield>
 </record>
</collection>
